Catálogo
 En Linea

Mariano Sánchez : (Registro nro. 36853)

Detalles MARC
000 -CABECERA
campo de control de longitud fija 00470nam a2200133 a 4500
001 - NÚMERO DE CONTROL
campo de control 000037363
005 - FECHA Y HORA DE LA ÚLTIMA TRANSACCIÓN
campo de control 20200930080323.0
008 - DATOS DE LONGITUD FIJA--INFORMACIÓN GENERAL
campo de control de longitud fija 120328s200u dr c 000 0 spa d
040 ## - FUENTE DE LA CATALOGACIÓN
Centro catalogador/agencia de origen DO-SdBNP
Lengua de catalogación spa
Centro/agencia transcriptor BNPHU
082 ## - NÚMERO DE LA CLASIFICACIÓN DECIMAL DEWEY
Número de clasificación xxx
Número de documento/Ítem xxx
245 00 - MENCIÓN DE TÍTULO
Título Mariano Sánchez :
Resto del título un pintor moderno con espíritu y temperamento clásico... una mirada a su mundo interior...
260 ## - PUBLICACIÓN, DISTRIBUCIÓN, ETC.
Lugar de publicación, distribución, etc. Santo Domingo. :
Nombre del editor, distribuidor, etc. Fundación Centro Cultural Altos de Chavón.
300 ## - DESCRIPCIÓN FÍSICA
Extensión 20 p. :
Otras características físicas retr. ;
Dimensiones 22 cm.
Existencias
Estado de retiro Estado de pérdida No para préstamo Código de colección Localización permanente Ubicación/localización actual Ubicación en estantería Fecha de adquisición Número de inventario Total de préstamos Signatura topográfica completa Código de barras Fecha visto por última vez Precio válido a partir de Tipo de ítem Koha
    Excluido de préstamo Patrimonio Dominicano General General En catalogación 28.03.2012 LF1   xxx xxx 37363-10 25.06.2020 25.06.2020 Libro y Folleto Colección Patrimonio Dominicano
      Patrimonio Dominicano General General Orden iniciada 28.03.2012 LF1   xxx xxx 37364-10 25.06.2020 25.06.2020 Libro y Folleto Colección Patrimonio Dominicano
      Patrimonio Dominicano General General Orden iniciada 28.03.2012 LF1   xxx xxx 37365-10 25.06.2020 25.06.2020 Libro y Folleto Colección Patrimonio Dominicano

Con tecnología Koha